<?xml version="1.0" encoding="UTF-8"?>
<record
    xmlns:xsi="http://www.w3.org/2001/XMLSchema-instance"
    xsi:schemaLocation="http://www.loc.gov/MARC21/slim http://www.loc.gov/standards/marcxml/schema/MARC21slim.xsd"
    xmlns="http://www.loc.gov/MARC21/slim">

  <leader>02081nam a2200313Ia 4500</leader>
  <controlfield tag="001">H4734</controlfield>
  <controlfield tag="003">IT-RoPAU</controlfield>
  <controlfield tag="008">130308s9999    xx            000 0 und d</controlfield>
  <datafield tag="040" ind1=" " ind2=" ">
    <subfield code="a">IT-RoPAU</subfield>
  </datafield>
  <datafield tag="040" ind1=" " ind2=" ">
    <subfield code="c">IT-RoPAU</subfield>
  </datafield>
  <datafield tag="041" ind1=" " ind2=" ">
    <subfield code="a">ITALIANO</subfield>
  </datafield>
  <datafield tag="100" ind1=" " ind2=" ">
    <subfield code="a">Siety Emmanuel</subfield>
  </datafield>
  <datafield tag="100" ind1=" " ind2=" ">
    <subfield code="g">Codice Aut. SPICS: 57792</subfield>
  </datafield>
  <datafield tag="240" ind1=" " ind2=" ">
    <subfield code="a">PLAN (LE). AU commencement DU CINEAM</subfield>
  </datafield>
  <datafield tag="240" ind1=" " ind2=" ">
    <subfield code="g">Codice Tit. Orig. Spics: T3425</subfield>
  </datafield>
  <datafield tag="245" ind1=" " ind2=" ">
    <subfield code="a">Inquadratura (L'). All'inizio del cinema</subfield>
  </datafield>
  <datafield tag="245" ind1=" " ind2=" ">
    <subfield code="b">Inquadratura (L'). all'inizio del Cinema</subfield>
  </datafield>
  <datafield tag="250" ind1=" " ind2=" ">
    <subfield code="a">1a ed.</subfield>
  </datafield>
  <datafield tag="260" ind1=" " ind2=" ">
    <subfield code="a">TORINO</subfield>
  </datafield>
  <datafield tag="260" ind1=" " ind2=" ">
    <subfield code="b">Lindau</subfield>
  </datafield>
  <datafield tag="260" ind1=" " ind2=" ">
    <subfield code="c">2004 [1&#xB0; Ed.:2004 - Ed.Ling.Originale:2001]</subfield>
  </datafield>
  <datafield tag="300" ind1=" " ind2=" ">
    <subfield code="a">"96 p. (prefazione: no ; testo: 96 [pagine: 0-0])"</subfield>
  </datafield>
  <datafield tag="500" ind1=" " ind2=" ">
    <subfield code="a">"Prefazione. I Riconoscimento: Inquadratura Cone Unit&#xE0; Creata; Inquadratura Come Unit&#xE0; Percepita; Complicazioni, Inquadratura Composita; Frontiere dell'Inquadratura. Ii Inquadratura Cone Relazione: Riprese, Inquadratura Corale; Cinepresa, Strumento di un Rapporto col Mondo; visibile e Sua Interpretazione. III Lavoro dell'Inquadratura: Spazio dell'inquadratura (Distanza, Quadro, Superficie); immagine col Suono; Tempo di Un'Inquadratura; Inquadrartura Come momento del Film. Iv Archeologia dell'Inquadratura: Estetica della Veduta; Estetica della Scena; Dalla scena All'Inquadratura; sopravvivenza e mutazioni dell'Inquadratura; Epilogo. seconda parte Documenti di Lavoro, Testi, Analisi delle Inquadrature: Documenti: donna del Ritratto, incontro e Risveglio; Testi, Primo Piano; Analisi dell'Inquadratura, Lamento Sul Sentiero; Testi, integrazione Narrativa; Documenti, 400 Colpi, Primo Giorno di Riprese; Analisi dell'Inquadratura, 400 Colpi; Testi, montaggio e Inquadratura; Analisi dell'Inquadratura, Play Time; Testi, paesaggio All'Azione;Analisi dell'Inquadratura, Dov'E' la Casa del mio Amico?; Testi, Etica dell'Inquadratura; Appendici, Tabella Comparativa, dal Campo lunghissimo al Primo Piano. Bibliografia."</subfield>
  </datafield>
  <datafield tag="650" ind1=" " ind2=" ">
    <subfield code="a">REGIA CINEMATOGRAFICA</subfield>
  </datafield>
  <datafield tag="650" ind1=" " ind2=" ">
    <subfield code="e">Codice materia Spics: 6803</subfield>
  </datafield>
  <datafield tag="942" ind1=" " ind2=" ">
    <subfield code="c">BK</subfield>
  </datafield>
  <datafield tag="957" ind1=" " ind2=" ">
    <subfield code="7">1</subfield>
  </datafield>
  <datafield tag="999" ind1=" " ind2=" ">
    <subfield code="c">92725</subfield>
    <subfield code="d">92725</subfield>
  </datafield>
  <datafield tag="999" ind1=" " ind2=" ">
    <subfield code="g">1</subfield>
  </datafield>
  <datafield tag="952" ind1=" " ind2=" ">
    <subfield code="0">0</subfield>
    <subfield code="1">0</subfield>
    <subfield code="4">0</subfield>
    <subfield code="6">H_000000000000000_4734</subfield>
    <subfield code="7">1</subfield>
    <subfield code="a">SPICS</subfield>
    <subfield code="b">SPICS</subfield>
    <subfield code="d">2013-03-08</subfield>
    <subfield code="l">0</subfield>
    <subfield code="o">H4734</subfield>
    <subfield code="r">2013-03-08 00:00:00</subfield>
    <subfield code="w">2013-03-08</subfield>
    <subfield code="y">BK</subfield>
    <subfield code="z">Progressivo inserimento:  32675 /  N. Volumi: 1 Copie: 1  / data import: 1 marzo 2013 - By Epidotti, Trombetti, Vaglietti. </subfield>
  </datafield>
</record>
